000 00659nam a2200229Ia 4500
003 OSt
005 20220926042359.0
006 a|||||r|||| 00| 0
007 ta
008 220923b |||||||| |||| 00| 0 eng d
037 _cGeneral Book
040 _aRTL
_cRTL
_beng
041 _2eng
_aeng
082 _aY.3.N5, J8
100 _aCarr-Saunders A M
_992137
245 0 _aSurvey of social conditions in England and Wales
260 _c1958
500 _aPublished previously as Survey of the social structure of England and Wales
650 _aSociology
942 _hY.3.N5, J8
_cGB
_2CC
999 _c669580
_d669580